Devinez le Pays Mystère #106 - Statistiques

Statistiques générales
  • Ce quiz a été pris 245 fois
  • Le résultat moyen est 16 sur 21
Statistiques - réponses
Type de Réponse Réponse % Correct
Lettre Trouvée N
93%
Lettre Trouvée T
91%
Lettre Trouvée É
84%
Lettre Trouvée M
82%
Lettre Trouvée G
81%
Lettre Trouvée R
80%
Lettre Bien Placée M
78%
Lettre Trouvée O
75%
Lettre Bien Placée R
73%
Lettre Bien Placée N
71%
Lettre Bien Placée O
71%
Lettre Trouvée É
70%
Lettre Bien Placée É
69%
Lettre Bien Placée É
69%
Lettre Bien Placée G
69%
Pays Mystère Monténégro
69%
Lettre Bien Placée N
69%
Lettre Trouvée N
69%
Lettre Bien Placée O
69%
Lettre Trouvée O
69%
Lettre Bien Placée T
69%
Aucun quiz correspondant
Distribution des résultats
% des personnes avec chaque résultat
Percentile par nombre de réponses
Votre historique - résultats
Vous n’avez pas pris ce quiz